Entry Término temático
001 - NÚMERO DE CONTROL
- campo de control: 42890
003 - IDENTIFICADOR DEL NÚMERO DE CONTROL
- campo de control: BNPHU
005 - FECHA Y HORA DE LA ÚLTIMA TRANSACCIÓN
- campo de control: 20240422192723.0
008 - DATOS DE LONGITUD FIJA
- campo de control de longitud fija: 200615|| aca||aabn | a|a d
010 ## - NÚMERO DE CONTROL DE LA BIBLIOTECA DEL CONGRESO
- Número de control de LC: sh 93000548
040 ## - FUENTE DE LA CATALOGACIÓN
- Centro catalogador/agencia de origen: DO-SdBNP
- Lengua de catalogación: spa
- Centro/agencia transcriptor: BNPHU
- Normas de descripción: rda
150 ## - ENCABEZAMIENTO--TÉRMINO DE MATERIA
- Término de materia o nombre geográfico como elemento de entrada: Benchmarking (Administración)
450 0# - TRAZADO DE VÉASE--TÉRMINO DE MATERIA
- Término de materia o nombre geográfico como elemento de entrada: Benchmarking (Management)
450 ## - TRAZADO DE VÉASE--TÉRMINO DE MATERIA
- Término de materia o nombre geográfico como elemento de entrada: Benchmarks (Administración)
550 ## - TRAZADO VÉASE ADEMÁS--TÉRMINO DE MATERIA
- Término de materia o nombre geográfico como elemento de entrada: Administración de calidad total
- Subcampo de control: g
670 ## - FUENTE DE DATOS ENCONTRADOS
- Cita de la fuente: Work cat.: (OSt)19770: Sánchez, Ramón 42889, Dirección estratégica empresarial /, 2012.
670 ## - FUENTE DE DATOS ENCONTRADOS
- Cita de la fuente: LEMB Digital, 22 abril 2024 |b (Benchmarking (Administración))
670 ## - FUENTE DE DATOS ENCONTRADOS
- Identificador Uniforme del Recurso: https://authorities.loc.gov/cgi-bin/Pwebrecon.cgi?AuthRecID=4847898&v1=1&HC=1&SEQ=20240422192305&PID=y5I3TO70HWNhxJH6DbMks-aef_ onsultado en 24 de abril, 2024
670 ## - FUENTE DE DATOS ENCONTRADOS
- Identificador Uniforme del Recurso: https://librunam.dgb.unam.mx:8443/F/JACN4YREEIS665AN1EQNFHXB88D8C9Q1HKHF9VLCX6M2UQDUGA-09351?func=full-set-set&set_number=030381&set_entry=000001&format=001 Consultado en 24 de abril, 2024
